000 00749nam a2200241 i 4500
001 C2-0314324
003 PPAK
005 20180728110002.0
008 111219s2008 my |||| ||||| | eng d
040 _aPPAK
_beng
_cPPAK
_erda
082 0 4 _a657.3
_223
090 0 0 _a657.3
_bLEM
_dR
110 2 _aLembaga Piawaian Perakaunan Malaysia
245 0 0 _aFinancial reporting standard 8 :
_boperating segments
264 1 _aKuala Lumpur :
_bMalaysian Accounting Standars Board ,
_c2008
300 _a25 pages ;
_c20 cm
336 _2rdacontent
_atext
337 _2rdamedia
_aunmediated
338 _2rdacarrier
_avolume
650 1 0 _aFinancial statements - Malaysia.
710 2 _aLembaga Piawaian Perakaunan Malaysia
_eorganizer
942 _ddc
_cB
999 _c115760
_d115760